Top 10 Most Deadly Dinosaurs - Statistics

General Stats
  • This quiz has been taken 300 times
  • The average score is 5 of 10
Answer Stats
Rank Dinosaur % Correct
1 Tyranosaurus Rex
92%
3 Spinosaurus
80%
5 Velociraptor
79%
7 Allosaurus
66%
2 Giganotosaurus
53%
6 Carnotaurus
42%
4 Utahraptor
39%
10 Ankylosaurus
27%
8 Troodon
16%
9 Sinornithosaurus
1%
No matching quizzes found
Score Distribution
Percent of People with Each Score
Percentile by Number Answered
Your Score History
You have not taken this quiz